000 00612nam a2200241Ia 4500
003 OSt
005 20220928124625.0
006 a|||||r|||| 00| 0
007 ta
008 220927b |||||||| |||| 00| 0 eng d
024 _a52515
037 _cTextual
040 _aSDCL
_cSDCL
_beng
041 _2eng
_aeng
082 _aX7243:(Z3,315), L8
100 _aRay Edward E
_9466552
245 0 _aPartnership taxation.
250 _a2
260 _aLondon
_bHFL
_c1978
300 _axvi,416p
_ccm.
942 _hX7243:(Z3,315), L8
_cTEXL
_2CC
999 _c779386
_d779386